000 00457nam a2200145 i 4500
001 71005
003 ES-MaACL
005 20230906171005.0
007 t|
008 040804s1905 sp ||||1| spa d
100 1 _aGascón y Miramón, Antonio.
_955868
245 1 0 _aReglamento general para el régimen de la Minería
_b: 16 de junio de 1905 /
_canotado por Antonio Gascón y Miramón.
260 _aMadrid :
_b[s.n.,
_c1905]
852 _aES-MaACL
_jT-1055-F-3
999 _c71005
_d71005